000 00695nam a2200229Ia 4500
003 GCL
008 140319s9999 xx 000 0 ara d
040 _aGCL /
_cGCL
082 0 4 _aط
_b371.3333
_bس س
100 1 _aالسيد الرساوى
245 1 0 _aحفلة سمر /
_cالسيد الرساوى
700 1 _aمحمد الهراوى
700 1 _aاحمد زرزور
260 _a[S.N] :
_bسفير
490 _aسلسلة الافكار والتالى
_v0
650 0 4 _aالاطفال
650 0 4 _aتعليم
650 0 4 _aاشرطة التسجيل
650 0 4 _aالوسائل السمعية والبصرية
650 0 4 _aمواد غير مطبوعة
942 _2ddc
_cBK
999 _c56396
_d56396